000 00427nam a2200181Ia 4500
001 10478
005 20260306161835.0
008 260306t1984||||xx |||||||||||||| ||spa||
041 _aESP
082 _a930.968
_bT868
100 _aToussaint, Auguste
_eAUT
245 0 _aHistoria del océano Índico
260 _c1984
300 _a158 páginas :
_c17 cm.
650 _aGEN
654 _aCHU
942 _cLIB
_dJUS
_fJUS
_2ddc
_n
999 _c10478
_d10478